000 00391nam a22001697a 4500
003 MPLRDC
005 20220104143134.0
008 210129b ||||| |||| 00| 0 eng d
082 _a848.3 YS-7
100 _a亦舒著
245 _a黑白讲
_c
250 _a初版
260 _a
_b天地图书有限公司
_c1983
300 _b
650 _a现代别集
942 _cBK
_o848.3 YS-7
999 _c37008
_d36998